Представление документа в формате RUSMARC

ПолеНазваниеЗначение
  Тип записи a
  Библиографический уровень m
001 Контрольный номер 41df977500f642a6bad465a210312d82
005 Дата корректировки 20200128141022.3
010 Индекс ISBN __
a ISBN 978-5-8114-2492-4
101 Язык документа 0_
a Язык текста rus
102 Страна публикации __
a Страна публикации RU
200 Заглавие и сведения об ответственности 1_
a Заглавие Термины и определения в области однородных групп продовольственного сырья и пищевых продуктов животного происхождения, торговли и общественного питания
b Общее обозначение материала Текст
e Сведения, относящиеся к заглавию справочник
f Первые сведения об ответственности О. А. Рязанова, М. А. Николаева и др.
g Последующие сведения об ответственности под ред. В. М. Поздняковского
210 Выходные данные 1_
a Место издания СПб
c Издательство Лань
d Дата издания 2017
215 Физическое описание __
a Объем 288 с.
610 Ключевые слова 0_
a Ключевые слова товароведение
610 Ключевые слова 0_
a Ключевые слова товары
610 Ключевые слова 0_
a Ключевые слова продовольственное сырье
610 Ключевые слова 0_
a Ключевые слова термины
610 Ключевые слова 0_
a Ключевые слова справочник
a Ключевые слова пищевые продукты
686 Индексы других классификаций __
a Классификационный индекс 30.609
701 Альтернативная интеллектуальная ответственность _1
a Фамилия Рязанова
b Имя О. А.
e Роль лиц Автор
4 Код отношения 070
701 Альтернативная интеллектуальная ответственность _1
a Фамилия Николаева
b Имя М. А.
e Роль лиц Автор
4 Код отношения 070
702 Вторичная интеллектуальная ответственность _1
a Фамилия Позняковский
b Имя В. М.
e Роль лиц Редактор
4 Код отношения 340
801 Источник записи _0
a Страна RU
b Организация РУК
g Правила каталогизации PSBO
c Дата составления 20200128
801 Источник записи _1
a Страна RU
b Организация РУК
g Правила каталогизации PSBO
852 Данные о местонахождении __
i Авторский знак Т 35
j Шифр хранения 30.609
901 Тип документа __
t Тип документа m
937 Технологическая информация __
a Создатель записи (имя) Мясникова
938 Служебная информация __
a Название организации Головной вуз
952 Тип литературы __
c Вид литературы справочник